| 000 | 00839nam a22002777a 4500 | ||
|---|---|---|---|
| 001 | 00154 | ||
| 003 | DO-SdBNP | ||
| 005 | 20180131113535.0 | ||
| 007 | 00154 | ||
| 008 | 160607b 2000 mx |||| 00| 0 spa d | ||
| 020 | _a9701026829 | ||
| 040 |
_aBPMSU _bspa _cBPMSU |
||
| 100 | 1 | _aTreviño Alanís, María Guadalupe. | |
| 245 | 1 | 0 |
_aManual de neuroanatomía humana : _bejercicios / _c María Guadalupe Treviño Alanís. |
| 250 | _a2da. ed. | ||
| 260 |
_aMéxico : _bMcGraw-Hill Interamericana, _c2000. |
||
| 300 |
_aix, 87 p. : _b il. ; _c28 cm. |
||
| 500 | _aGlosario : p. 81-84. | ||
| 500 | _aIncluye bibliografía e indice | ||
| 650 |
_aNEUROFISIOLOGÍAS _v MANUELES |
||
| 650 |
_aNEUROANATOMÍA _vMANUALES |
||
| 700 | _a | ||
| 942 |
_2ddc _cBK |
||
| 945 | _aInventariado, 2018 /LP | ||
| 956 |
_aVMATEO _b10 _c20160607 _dBPMSU _f0069 |
||
| 999 |
_c10291 _d10291 |
||